| 000 | 00442nam a22001697a 4500 | ||
|---|---|---|---|
| 008 | 190207b ||||| |||| 00| 0 eng d | ||
| 020 | _a9781509505418 | ||
| 082 | _a610.73 DEN | ||
| 100 | _a Denny, Elaine | Earle, Sarah | Hewison, Alistair | ||
| 245 | _aSociology for nurses. | ||
| 250 | _a3rd ed. | ||
| 300 |
_axvi, 364 p. _c25 cm. |
||
| 600 | _aDenny, Elaine. | ||
| 600 | _aEarle, Sarah | ||
| 600 | _aHewison, Alistair. | ||
| 942 | _2ddc | ||
| 999 |
_c7623 _d7623 |
||